Top 20 Countries in Debt to China - Statistics

General Stats
  • This quiz has been taken 98 times
  • The average score is 10 of 20
Answer Stats
Country Total External Debt (in billion USD) % Correct
Mongolia 3
73%
Pakistan 26.6
73%
Egypt 5.2
62%
Bangladesh 6.1
61%
Brazil 3.4
61%
Laos 5.3
61%
Nigeria 4.3
59%
South Africa 3.4
59%
Kenya 6.7
58%
Ethiopia 6.8
55%
Argentina 2.9
54%
Sri Lanka 8.9
54%
Cambodia 4
53%
Angola 21
51%
Republic of the Congo 3.4
47%
Cameroon 3.8
36%
Zambia 6.1
33%
Ivory Coast 3.9
29%
Ecuador 4.1
26%
Belarus 3.9
19%
No matching quizzes found
Score Distribution
Percent of People with Each Score
Percentile by Number Answered
Your Score History
You have not taken this quiz